000 00695nam a2200277Ia 4500
005 20260320195728.0
008 008 262003s9999 xx 000 0 hin d
020 _a9788126730414
037 _aEBOOK
040 _aCRL
040 _bhin
040 _cCRL
041 _2hin
041 _ahin
084 _qCRL
100 _aराजेंद्र रत्नेश
_91132946
245 0 _aनिर्लेप नारायण
250 _a1st
260 _bRajkamal
260 _c2017
300 _a132
856 _uhttps://ebook.indiaread.in/pdfs/293_nirlap_narayan_by_dr._rajendra_ratnesh.pdf
942 _cEBOOK
999 _c1716170
_d1716170